| 000 | 00714cab a22001935a 4500 | ||
|---|---|---|---|
| 001 | L153395 | ||
| 008 | 110720s2011 xxka f 000 0 eng d | ||
| 035 | _a(Sirsi) u153395 | ||
| 041 | 0 | _aeng | |
| 245 | 0 | 0 |
_aStandard forms of partnering contracts _bthe ultimate contractual commitment? Part 5 |
| 260 | _c2011 | ||
| 490 |
_aCivil Engineering Surveyor _vJuly 2011, 49-51(3) |
||
| 520 | _aLooks at how each form addresses risk and risk management; looks at value, value management and added value. | ||
| 590 | _aKA | ||
| 651 | 4 |
_aUnited Kingdom _y |
|
| 690 | _aBUILT ENVIRONMENT-BUILDING CONTRACT FORMS-STANDARD FORMS OF BUILDING CONTRACT | ||
| 690 | _aBUILT ENVIRONMENT-CONSTRUCTION MANAGEMENT | ||
| 942 | _n0 | ||
| 999 |
_c83281 _d83281 |
||